Ultimate Fallout 3 Quiz [HARD] - Statistics

General Stats
  • This quiz has been taken 25 times
  • The average score is 5 of 20
Answer Stats
Question Answer % Correct
What is the name of the vault you begin the game in? Vault 101
100%
In Fallout: New Vegas, in which vault can you find a picture of The Lone Wanderers parents? Vault 21
100%
Who is the sheriff of Megaton? Lucas Simms
86%
What is the name of his religion? Church of Atom
50%
What is the name of the preacher in Megaton who’s obsessed with the bomb? Confessor Cromwell
41%
What is the name of the unique FatMan that could be found within the Mothership Zeta DLC? Experimental MIRV
23%
How many Super Mutant Behemoths are in the base game? Five
23%
What is the name of the Fire Ant Scientist based in Grayditch? Dr.Lesko
14%
What is the name of the energy weapon given to you as the final reward during Point Lookout? Microwave Emitter
14%
What is the name of the boat that takes The Lone Wanderer to Point Lookout? Duchess Gambit
9%
What is the name of the baby who’s at the center of the conflict between Ashur and the slaves? Marie
9%
Within the Underworld, there is a Brotherhood Outcast in disguise. What is his fake name? Talon Company Mercenary Reilly
5%
What is the name of the ghoul that gives you the Reservist's Rifle? The Drifter
5%
What chemical was he working on? Ant Agonizer Serum
0%
There's a Chinese Army: Spec Ops Training Manual near a skeleton, next to some binoculars. Where is it? Cliffside Cavern
0%
Where can you find him? Dickerson Tabernacle Chapel
0%
What makes this weapon unique? Fires 8 mini-nukes at once
0%
What is the name of the old diner near Megaton where raiders sometimes spawn? Silver Diner
0%
What is he doing there? Spying on the ghouls
0%
What is the name of the disease affecting both slaves and raiders in The Pitt? Troglodyte Degeneration Contagion
0%
No matching quizzes found
Score Distribution
Percent of People with Each Score
Percentile by Number Answered
Your Score History
You have not taken this quiz